| 000 | 00476nam a2200145Ia 4500 | ||
|---|---|---|---|
| 003 | OSt | ||
| 005 | 20260226100032.0 | ||
| 008 | 211028s2019 xx 000 0 und d | ||
| 040 | _cAIMIT LIBRARY | ||
| 041 | _aeng | ||
| 100 |
_aLuis, Lobo Shayesha; Balaraju, S J. _g1716094 _98072 |
||
| 245 | _aStudy on employee satisfaction towards training program with reference to Abhuydaya Co - Operative Bank Ltd / | ||
| 260 |
_aMumbai _bDeepika M Mascarenhas _c2019 |
||
| 942 |
_2ddc _cPRO |
||
| 999 |
_c219640 _d219640 |
||